000 00729nas a2200253 4500
001 BR0603077
003 BR-BrBNA
005 20231205110129.0
007 ta
008 230509b bl.|||p| |||| 00| 00por d
040 _aBR-BrBNA
_bpor
_cBiblioteca Nacional de Agricultura
041 _a(Pt)
072 _aL73
100 1 _aSaidenberg, A.B.S.
100 1 _aKnöbl, T.
245 1 _aColibacilose em aves silvestres
650 _aAVE SELVAGEM
650 _aCOLIBACILOSE
650 _aESCHERICHIA COLI
650 _aINFECÇÃO
773 0 _tCiência Veterinária nos Trópicos (Brazil)
_xISSN 1415-6326
_g(Jan-Dec 2005), v. 8(1-3) p. 16-28
_wBR0603077
909 _a202311
_bLúcia
_c55
_dLúcia Elande
942 _2AGRIS
_n0
_cANA
999 _c186303
_d186303